Normal view
MARC view
- WEB TECHNOLOGIES - A COMPUTER SCIENCE PERSPECTIVE
Entry Topical Term
001 - CONTROL NUMBER
- control field: 58406
003 - CONTROL NUMBER IDENTIFIER
- control field: NUST
005 - DATE AND TIME OF LATEST TRANSACTION
- control field: 20210628202133.0
008 - FIXED-LENGTH DATA ELEMENTS
- fixed length control field: 210628|| aca||aabn | a|a d
040 ## - CATALOGING SOURCE
- Original cataloging agency: NUST
- Transcribing agency: NUST
150 ## - HEADING--TOPICAL TERM
- Topical term or geographic name entry element: WEB TECHNOLOGIES - A COMPUTER SCIENCE PERSPECTIVE
670 ## - SOURCE DATA FOUND
- Source citation: Work cat.: (NUST): Jackson, Jeffrey C 58405, Web technologies,a computer science perspective, 2015
